Statistics for Tompkins Table 2022

Click here to take the quiz!

General Stats

  • This quiz has been taken 3 times
  • The average score is 8 of 29

Answer Stats

RankCollegeScoreFirsts (%)Change in Rank% Correct
1Christ’s76.446.10
100%
2Trinity72.338.50
100%
8Churchill70.133.2-3
50%
12Clare68.729.6+12
50%
9Corpus Christi69.633.21+2
50%
13Downing68.328.9+10
50%
11Emmanuel69.332.8-4
50%
7Gonville and Caius70.432.5+9
50%
4Jesus71.236.4+10
50%
29Lucy Cavendish61.416.90
50%
5Pembroke71.036.0-2
50%
10Queens’69.431.5-4
50%
3St Catharine’s72.338.9+6
50%
6St John’s70.735.4+9
50%
20Fitzwilliam66.526.1-3
0%
25Girton64.322.2-5
0%
26Homerton63.921.90
0%
23Hughes Hall65.723.7+2
0%
22King’s65.825.4-10
0%
18Magdalene67.528.50
0%
27Murray Edwards63.920.8-8
0%
24Newnham65.625.8-2
0%
15Peterhouse67.830.8-11
0%
17Robinson67.728.0+4
0%
14Selwyn68.328.2-6
0%
16Sidney Sussex67.727.6-3
0%
28St Edmund’s62.822.10
0%
19Trinity Hall67.026.9-9
0%
21Wolfson66.427.6+6
0%

Score Distribution

Percentile by Number Answered

Percent of People with Each Score

Your Score History

You have not taken this quiz